State of the world's forest 2007

Enregistré dans:
Détails bibliographiques
Collectivité auteur: FAO
Format: Livre
Langue:Undetermined
Publié: Rome, Italy FAO 2007
Sujets:
Tags: Ajouter un tag
Pas de tags, Soyez le premier à ajouter un tag!
Thư viện lưu trữ: Trung tâm Học liệu Trường Đại học Cần Thơ
LEADER 00477nam a2200181Ia 4500
001 CTU_130401
008 210402s9999 xx 000 0 und d
082 |a 333.75 
082 |b F686 
110 |a FAO 
245 0 |a State of the world's forest 2007 
245 0 |c FAO 
260 |a Rome, Italy 
260 |b FAO 
260 |c 2007 
650 |a Forests and forestry,Forest management,Forest policy 
904 |i Minh 
980 |a Trung tâm Học liệu Trường Đại học Cần Thơ